Financování vysokých odborných škol neuniverzitního typu v Rakousku
Formovanie vysokých škôl neuniverzitného typu v Nemecku a v Rakúsku. Rozdiely medzi rakúskymi univerzitami a neuniverzitnými inštitúciami. Rozdiely medzi uiniverzitným a neuniverzitným sektorom. Financovanie rakúskych neuniverzitných škôl. Úloha federálnej vlády. Podmienky získania federálnych finan...
Salvato in:
| Autore principale: | |
|---|---|
| Natura: | Capitolo di libro |
| Lingua: | ceco |
| Soggetti: | |
| Tags: |
Nessun Tag, puoi essere il primo ad aggiungerne!!
|
MARC
| LEADER | 00000naa a2200000 4500 | ||
|---|---|---|---|
| 001 | r043379 | ||
| 005 | 20230919103634.3 | ||
| 041 | 0 | |a cze | |
| 044 | |a CZ | ||
| 245 | 1 | 0 | |a Financování vysokých odborných škol neuniverzitního typu v Rakousku |c Jan Šrámek |
| 520 | |a Formovanie vysokých škôl neuniverzitného typu v Nemecku a v Rakúsku. Rozdiely medzi rakúskymi univerzitami a neuniverzitnými inštitúciami. Rozdiely medzi uiniverzitným a neuniverzitným sektorom. Financovanie rakúskych neuniverzitných škôl. Úloha federálnej vlády. Podmienky získania federálnych financií. | ||
| 610 | 2 | 0 | |a školy vysoké odborné |
| 610 | 2 | 0 | |a Rakúsko |
| 610 | 2 | 0 | |a financovanie |
| 610 | 2 | 0 | |a zdroje finančné |
| 610 | 2 | 0 | |a univerzity |
| 610 | 2 | 0 | |a programy |
| 610 | 2 | 0 | |a vzdelávanie |
| 100 | 1 | |a Šrámek, Jan | |